| 000 | 01075nam a2200289 i 4500 | ||
|---|---|---|---|
| 999 |
_c68161 _d68161 |
||
| 003 | Mx-PuUPA | ||
| 005 | 20210204140823.0 | ||
| 008 | 190606s1999 wauad||| |||| 00| 0 eng d | ||
| 020 | _a0883853280 | ||
| 040 |
_aMx-PuUPA _bspa _cMx-PuUPA _dMx-PuUPA _erda |
||
| 041 | 0 | _aeng | |
| 100 | 1 |
_aDunham, William, _d1947- _eautor _99354 |
|
| 245 | 1 | 0 |
_aEuler : _bthe master of us all / _cWilliam Dunham |
| 264 | 1 |
_a[Washington, D.C.] : _bThe Mathematical Association of America, _c©1999 |
|
| 300 |
_axxviii, 185 páginas : _bilustraciones, gráficas ; _c23 cm. |
||
| 336 |
_2rdacontent _atexto _btxt |
||
| 337 |
_2rdamedia _asin medio _bn |
||
| 338 |
_2rdacarrier _avolumen _bnc |
||
| 490 | 0 |
_aThe dolciani mathematical expositions ; _v22 |
|
| 600 | 1 | 4 |
_aEuler, Leonhard, _d1707-1783 |
| 650 | 4 |
_aMatemáticas _xHistoria _ySiglo 18 |
|
| 650 | 4 |
_aMatemáticas _zSuiza _xBiografía |
|
| 942 |
_2ddc _cLI _h510.92 _iD897 |
||